000 00475nam a2200193Ia 4500
005 20240823025157.0
008 240823s9999||||xx |||||||||||||| ||und||
020 _a81-314-1124-9
041 _aENGLISH
082 _A658 P7
100 _aCMR
245 0 _aIntroduction to Management
250 _a1
260 _c2007
_bThe ICFAI University
_aHyderabad
500 _aYES
650 _aIntroduction to Management
_bManagement Studies
942 _cBK
999 _c185697
_d185697